000 00503cam a2200205ua 4500
001 1563
005 20260515113342.0
008 110712n ii |||gr||||Z||||||asm
020 _a81-7339-028-2
040 _cMAIN
082 _a330.01
100 1 _aHuda, Monirul,
_eAuthor.
245 1 _aBharatiya arthaniti
_cby Monirul Huda
250 _a3rd.
260 _aDibrugarh:
_bBanalata,993.
_aGuahati:
300 _a134p:
_bill;
_c23cm.
653 _aEconomics
653 _aIndian economics
942 _cBK
999 _c1450
_d1450